| 000 | 00599nam a22002057a 4500 | ||
|---|---|---|---|
| 999 |
_c2493 _d2493 |
||
| 003 | AR-CdUCM | ||
| 008 | 190304b ||||| |||| 00| 0 spa d | ||
| 040 |
_aMUNICIPALIDAD PROVINCIAL DEL CUSCO _cBIBLIOTECA MUNICIPAL DEL CUSCO |
||
| 082 |
_a808.8 / _bB64 |
||
| 100 |
_aBoccaccio, Giovanni _91305 |
||
| 245 | _aLos mejores cuentos del decameron / | ||
| 260 |
_aLima : _bCaymi, _c1953. |
||
| 300 |
_a127 páginas ; _c20 cm. |
||
| 440 |
_aColección: La Rosa Encarnada _98884 |
||
| 650 |
_aNovela _95 |
||
| 650 |
_aClasicos _98885 |
||
| 650 |
_aLiteratura _983 |
||
| 942 |
_2ddc _cLIBROS |
||
| 945 | _admma | ||